000 00312nam a2200133Ia 4500
003 OSt
005 20231209102308.0
008 170524s9999 xx 000 0 und d
020 _a817884009x
040 _cIIMT UNIVERSITY
100 _aJAIN- V. K.
245 0 _aCOMPUTER NETWORKS & COMMUNICATION
942 _2ddc
_c02
999 _c3894
_d3894